000 00330nam a22001457a 4500
008 210303b ||||| |||| 00| 0 eng d
020 _a9780205688173
041 _aeng
080 _23rd
_a070
082 _a070
100 _a39
101 _aMED
245 _aCommunication Embracing Difference
_cDunn, D. M
942 _2udc
_cBK
999 _c55615
_d55615